Priestor pre využitie alternatívnych foriem financovania environmentálnych projektov
Historický kontext vzniku verejno-súkromného partnerstva, jeho pozitíva a negatíva, ako i prístup k riadeniu rizík a formy uplatňovaných platobných mechanizmov. Vybrané modely verejno-súkromného partnerstva s poukázaním na vhodnosť či nevhodnosť ich využitia pri financovaní environmentálnych projekt...
Salvato in:
| Autore principale: | |
|---|---|
| Natura: | Capitolo di libro |
| Lingua: | slovacco |
| Soggetti: | |
| Tags: |
Nessun Tag, puoi essere il primo ad aggiungerne!!
|
MARC
| LEADER | 00000naa a2200000 4500 | ||
|---|---|---|---|
| 001 | 0207420 | ||
| 005 | 20230918095912.9 | ||
| 041 | 0 | |a slo | |
| 044 | |a SK | ||
| 245 | 1 | 0 | |a Priestor pre využitie alternatívnych foriem financovania environmentálnych projektov |c Eva Romančíková |
| 520 | |a Historický kontext vzniku verejno-súkromného partnerstva, jeho pozitíva a negatíva, ako i prístup k riadeniu rizík a formy uplatňovaných platobných mechanizmov. Vybrané modely verejno-súkromného partnerstva s poukázaním na vhodnosť či nevhodnosť ich využitia pri financovaní environmentálnych projektov. | ||
| 610 | 2 | 0 | |a projekty |
| 610 | 2 | 0 | |a partnerstvo verejno-súkromné |
| 610 | 2 | 0 | |a politika environmentálna |
| 610 | 2 | 0 | |a sektor verejný |
| 610 | 2 | 0 | |a financovanie projektové |
| 100 | 1 | |a Romančíková, Eva | |